Pratipad (Record no. 2925)

MARC details
000 -LEADER
fixed length control field 00512cam a2200205ua 4500
001 - CONTROL NUMBER
control field 3081
005 - DATE AND TIME OF LATEST TRANSACTION
control field 20260515113629.0
008 - FIXED-LENGTH DATA ELEMENTS--GENERAL INFORMATION
fixed length control field 110928n ii |||gr||||Z||||||asm
020 ## - INTERNATIONAL STANDARD BOOK NUMBER
International Standard Book Number 978-81-7339-403-4
040 ## - CATALOGING SOURCE
Transcribing agency MAIN
082 ## - DEWEY DECIMAL CLASSIFICATION NUMBER
Classification number 891.4513
100 1# - MAIN ENTRY--PERSONAL NAME
Personal name Bhattacharjya, Birendra Kumar,
Relator term Author.
245 11 - TITLE STATEMENT
Title Pratipad
Statement of responsibility, etc. by Birendra Kumar Bhattacharjya
250 ## - EDITION STATEMENT
Edition statement 3rd.
260 ## - PUBLICATION, DISTRIBUTION, ETC.
Place of publication, distribution, etc. Guahati:
Name of publisher, distributor, etc. Banalata,
Date of publication, distribution, etc. 2007.
300 ## - PHYSICAL DESCRIPTION
Extent 220p:
Dimensions 23cm.
653 ## - INDEX TERM--UNCONTROLLED
Uncontrolled term Assamese novel
653 ## - INDEX TERM--UNCONTROLLED
Uncontrolled term Pratipad
942 ## - ADDED ENTRY ELEMENTS (KOHA)
Koha item type Books
Holdings
Withdrawn status Lost status Damaged status Not for loan Home library Current library Shelving location Date acquired Total checkouts Full call number Barcode Date last seen Copy number Price effective from Koha item type Date last checked out
        Naharkatiya College Library Naharkatiya College Library General stacks 09/19/2020   891.4513 | BHA 17486 09/19/2020 4 09/19/2020 Books  
        Naharkatiya College Library Naharkatiya College Library General stacks 09/19/2020 3 891.4513 | BHA 19789 09/01/2025 2 09/19/2020 Books 08/30/2025
        Naharkatiya College Library Naharkatiya College Library General stacks 09/19/2020   891.4513 | BHA 19790 09/19/2020 3 09/19/2020 Books  
        Naharkatiya College Library Naharkatiya College Library General stacks 09/19/2020   891.4513 | BHA 19791 09/19/2020 1 09/19/2020 Books  
        Naharkatiya College Library Naharkatiya College Library General stacks 09/19/2020   891.4513 | BHA 19792 09/19/2020 5 09/19/2020 Books